000 00772nam a22002053 4500
001 202836
010 _a972-31-1168-3
021 _aPT
_b240474/06
090 _a202836
100 _a20260702d u||y0pory50 ba
200 _aTeatro nos colǧios dos jesut̕as
_ea Tragďia de Acab de Miguel Venegas S. I. e o inc̕io de um gňero dramt̀ico (sč. XVI)
_fMaria Margarida Lopes de Miranda
210 _a[Lisboa]
_cFundaȯ̂ Calouste Gulbenkian
_d2006
215 _a573 p.
_cbrochado
_d23 cm
_eCD
225 _aTextos universitr̀ios de cin̊cias sociais e humanas
606 _93661
_aCrt̕ica Literr̀ia.Estudos Literr̀ios
675 _a82.09
_vPT
_zpor
700 _917687
_a Miranda
_bMaria Margarida Lopes de
_f1966-
801 _aPT
_bBMMN
_gRPC
830 _cVanda
990 _cLIVROS